Federação Paulista de Criadores de Bovinos; Associação Brasileira de Criadores; ABC desde 1926 (Registro n. 85204)
[ somente texto ]
| 000 -LÍDER | |
|---|---|
| campo de controle de tamanho fixo | 00860nam a22002897a 4500 |
| 001 - NÚMERO DE CONTROLE | |
| campo de controle | BR2019000959 |
| 003 - IDENTIFICADOR DO NÚMERO DE CONTROLE | |
| campo de controle | BR-BrBNA |
| 005 - DATA E HORÁRIO DA ÚLTIMA TRANSAÇÃO | |
| campo de controle | 20230928105440.0 |
| 007 - CAMPO FIXO DE DESCRIÇÃO FÍSICA--INFORMAÇÃO GERAL | |
| campo de controle de tamanho fixo | ta |
| 008 - CAMPO DE DADOS FIXOS--INFORMAÇÃO GERAL | |
| campo de controle de tamanho fixo | 230509b bl.||||| |||| 00| 0 por d |
| 040 ## - FONTE DA CATALOGAÇÃO | |
| Instituição da catalogação original | BR-BrBNA |
| Idioma da catalogação | por |
| Instituição que transcreveu o registro | Biblioteca Nacional de Agricultura |
| 041 ## - CÓDIGO DE IDIOMA | |
| Código do idioma do texto/trilha sonora ou título diferente | (Por) |
| 072 ## - CÓDIGO DE CATEGORIA DE ASSUNTO | |
| Código de Categoria de Assunto | L01 |
| Código do objeto | 5212 |
| 090 ## - NÚMERO DE CHAMADA LOCAL | |
| -- | 5212 BR2019000959 |
| 100 1# - ENTRADA PRINCIPAL--NOME PESSOAL | |
| Nome pessoal | Ribeiro, A.D. (ed.) |
| 110 1# - ENTRADA PRINCIPAL--NOME CORPORATIVO | |
| Nome corporativo ou nome da jurisdição | Associação Brasileira de Criadores, São Paulo, SP (Brasil) |
| 9 (RLIN) | 271 |
| 245 1# - TÍTULO | |
| Título | Federação Paulista de Criadores de Bovinos; Associação Brasileira de Criadores; ABC desde 1926 |
| 260 3# - PUBLICAÇÃO, DISTRIBUIÇÃO, ETC. | |
| Local de publicação, distribuição, etc. | São Paulo, SP (Brasil): |
| Data da publicação, distribuição, etc. | 2015. |
| 300 ## - DESCRIÇÃO FÍSICA | |
| Extensão | 164 p. |
| 500 ## - NOTA GERAL | |
| Nota geral | 137 illus. |
| 650 ## - ASSUNTO--TERMO TÓPICO | |
| Cabeçalho tópico ou nome geográfico | PECUÁRIA |
| 650 ## - ASSUNTO--TERMO TÓPICO | |
| Cabeçalho tópico ou nome geográfico | GADO LEITEIRO |
| 650 ## - ASSUNTO--TERMO TÓPICO | |
| Cabeçalho tópico ou nome geográfico | GADO DE CORTE |
| 650 ## - ASSUNTO--TERMO TÓPICO | |
| Cabeçalho tópico ou nome geográfico | PRODUÇÃO ANIMAL |
| 909 ## - | |
| -- | 202309 |
| -- | Lucia |
| -- | 55 |
| -- | Lucia Elande |
| 942 ## - ELEMENTOS DE ENTRADA ADICIONADOS (KOHA) | |
| Tipo de material Koha | Livros |
Nenhum exemplar disponível.

BINAGRI